Hivatalos nyugtázás
Elmentve itt :
| Dokumentumtípus: | Cikk |
|---|---|
| Megjelent: |
1911
|
| Sorozat: | Magyar pedagógia : a Magyar Tudományos Akadémia Pedagógiai Bizottságának folyóirata
20 |
| Kulcsszavak: | Pedagógia magyar |
| Online Access: | http://misc.bibl.u-szeged.hu/8829 |
| LEADER | 00576nab a2200169 i 4500 | ||
|---|---|---|---|
| 001 | misc8829 | ||
| 005 | 20191106143709.0 | ||
| 008 | 170607s1911 hu o 0|| hun d | ||
| 022 | |a 0025-0260 | ||
| 040 | |a SZTE Miscellanea Repozitórium |b hun | ||
| 041 | |a hun | ||
| 245 | 0 | 0 | |a Hivatalos nyugtázás |h [elektronikus dokumentum] |
| 260 | |c 1911 | ||
| 300 | |a 319-320 | ||
| 490 | 0 | |a Magyar pedagógia : a Magyar Tudományos Akadémia Pedagógiai Bizottságának folyóirata |v 20 | |
| 695 | |a Pedagógia magyar | ||
| 856 | 4 | 0 | |u http://misc.bibl.u-szeged.hu/8829/1/mp_1911_319-320.pdf |z Dokumentum-elérés |